Workshop receipts ... (Record no. 552918)

000 -LEADER
fixed length control field 00651cas a2200205u| 4500
082 ## - DEWEY DECIMAL CLASSIFICATION NUMBER
Classification number 921.8672
Author Mark WOR
245 00 - TITLE STATEMENT
Title Workshop receipts ...
260 ## - PUBLICATION, DISTRIBUTION, ETC.
Place of publication, distribution, etc. London,
-- New York,
Name of publisher, distributor, etc. E. & F. N. Spon,
Date of publication, distribution, etc. 1883-1892.
300 ## - PHYSICAL DESCRIPTION
Extent 5 v.
Other physical details col. front., illus., diagr.
Dimensions 19 cm.
526 ## - STUDY PROGRAM INFORMATION NOTE
Program name 0
Interest level 0
Reading level 0
Title point value 921_867200000000000_WOR
590 ## - LOCAL NOTE (RLIN)
Local note PREMARC/SERLOC merged record
650 #0 - SUBJECT ADDED ENTRY--TOPICAL TERM
Topical term or geographic name entry element Formulas, recipes, etc.
9 (RLIN) 50194
650 #0 - SUBJECT ADDED ENTRY--TOPICAL TERM
Topical term or geographic name entry element Industrial arts.
9 (RLIN) 41644
650 #0 - SUBJECT ADDED ENTRY--TOPICAL TERM
Topical term or geographic name entry element MCE
9 (RLIN) 379
650 #0 - SUBJECT ADDED ENTRY--TOPICAL TERM
Topical term or geographic name entry element Technology.
700 1# - ADDED ENTRY--PERSONAL NAME
Personal name Haldane, Robert,
9 (RLIN) 46001
700 1# - ADDED ENTRY--PERSONAL NAME
Personal name Lock, Charles G. Warnford
9 (RLIN) 46002
700 1# - ADDED ENTRY--PERSONAL NAME
Personal name Spon, Ernest. [from old catalog]
9 (RLIN) 50195
942 ## - ADDED ENTRY ELEMENTS (KOHA)
Source of classification or shelving scheme
Koha item type Book
Holdings
Withdrawn status Lost status Source of classification or shelving scheme Damaged status Not for loan Permanent Location Current Location Shelving location Date acquired Total Checkouts Full call number Barcode Date last seen Price effective from Koha item type
          Military College of Engineering (MCE) Military College of Engineering (MCE)   01/27/2015   921.8672 WOR MCE-44836 01/27/2015 01/27/2015 Book
© 2023 Central Library, National University of Sciences and Technology. All Rights Reserved.